000 01015cab a2200289 4500
001 WB3435-18
008 090401t1998 xxu||||| |||| 00| 0 eng d
035 _a(Sirsi) u88490
041 _aeng
245 _aBanks stampede alarms the City
260 _c1998
350 _a0
490 _aEstates Gazette
_v(9837) 12 September 1998, 45(1)
520 _aExamines how mergers in the banking sector and the 2002 deadline for enterprise zone status in Docklands is causing a move from the City to Docklands and discusses who the Corporation of London is trying to stem the flow.
650 _aBANKING SECTOR
650 _aBANKS
650 _aCANARY WHARF
650 _aCITY OF LONDON
650 _aCORPORATION OF LONDON
650 _aENTERPRISE ZONE
650 _aLONDON DOCKLANDS
650 _aPROPERTY-COMMERCIAL PROPERTY-OFFICE PROPERTY-OFFICE PROPERTY MARKET
650 _aRELOCATION
690 _aPROPERTY-COMMERCIAL PROPERTY-COMMERCIAL PROPERTY MARKET
942 _n0
948 _c15/09/1998
999 _c55908
_d55908